000 00796nam a2200241Ia 4500
003 OSt
005 20220923221035.0
006 a|||||r|||| 00| 0
007 ta
008 220922b |||||||| |||| 00| 0 hin d
024 _a194,250
037 _cTextual
040 _aARTS
_cARTS
_bhin
041 _2hin
_ahin
082 _aO152,3:g, M7-;1
100 _aकोछड़, पुष्पा
_9156318
245 0 _aहिन्दी के महाकाव्यात्मक उपन्यास
246 _aHindī ke hinākāvyātmak upanyāsa
260 _aदिल्ली
_b नचिकेता प्रका0
_c1987
300 _a336पृ.
_ccm.
942 _hO152,3:g, M7-;1
_cTEXL
_2CC
999 _c346514
_d346514